La última escala del Tramp Steamer / (Registro nro. 15561)
[ vista simple ]
| 000 -LEADER | |
|---|---|
| fixed length control field | 01023nam a2200265 4500 |
| 003 - CONTROL NUMBER IDENTIFIER | |
| control field | OSt |
| 005 - DATE AND TIME OF LATEST TRANSACTION | |
| control field | 20250521144603.0 |
| 008 - FIXED-LENGTH DATA ELEMENTS--GENERAL INFORMATION | |
| fixed length control field | 210806s2003 ck ||||er|||| 00| 0 spa d |
| 020 ## - INTERNATIONAL STANDARD BOOK NUMBER | |
| International Standard Book Number | 9587060229 |
| 020 ## - INTERNATIONAL STANDARD BOOK NUMBER | |
| International Standard Book Number | 9587060210 |
| 040 ## - CATALOGING SOURCE | |
| Original cataloging agency | CO-JMCR |
| Transcribing agency | CO-JMCR |
| 041 ## - LANGUAGE CODE | |
| Language code of text/sound track or separate title | spa |
| 082 04 - DEWEY DECIMAL CLASSIFICATION NUMBER | |
| Classification number | A-N |
| Item number | MUTu |
| Edition number | 23 |
| 100 1# - MAIN ENTRY--PERSONAL NAME | |
| Personal name | Mutis, Álvaro, |
| Relator term | autor |
| 9 (RLIN) | 39152 |
| 245 13 - TITLE STATEMENT | |
| Title | La última escala del Tramp Steamer / |
| Statement of responsibility, etc. | Álvaro Mutis |
| 260 ## - PUBLICATION, DISTRIBUTION, ETC. | |
| Place of publication, distribution, etc. | Bogotá : |
| Name of publisher, distributor, etc. | El tiempo, |
| Date of publication, distribution, etc. | 2003. |
| 300 ## - PHYSICAL DESCRIPTION | |
| Extent | 170 páginas ; |
| Dimensions | 21 cm. |
| 490 0# - SERIES STATEMENT | |
| Series statement | Biblioteca el tiempo : |
| -- | Serie colombiana ; |
| Volume/sequential designation | 3 |
| 500 ## - GENERAL NOTE | |
| General note | Incluye datos biográficos del autor en tapa posterior. |
| 520 0# - SUMMARY, ETC. | |
| Summary, etc. | Ella tiene veinticuatro años, nació en Beirut y se llama Warda Bashur; él es un viejo marino, un capitán vasco que ha recorrido todos los mares, y de llama Jon Iturri. El Tramp Steamer, novela que hace parte de la saga de Álvaro Mutis. |
| 650 14 - SUBJECT ADDED ENTRY--TOPICAL TERM | |
| Source of heading or term | Recursos agrícolas |
| 650 02 - SUBJECT ADDED ENTRY--TOPICAL TERM | |
| Source of heading or term | Ficción romántica |
| 650 24 - SUBJECT ADDED ENTRY--TOPICAL TERM | |
| Source of heading or term | Relaciones hombre-mujer |
| 942 ## - ADDED ENTRY ELEMENTS (KOHA) | |
| Source of classification or shelving scheme | Dewey Decimal Classification |
| Koha item type | Books |
| Withdrawn status | Lost status | Source of classification or shelving scheme | Damaged status | Not for loan | Collection code | Home library | Current library | Shelving location | Date acquired | Source of acquisition | Total Checkouts | Full call number | Barcode | Date last seen | Date last checked out | Copy number | Price effective from | Koha item type |
|---|---|---|---|---|---|---|---|---|---|---|---|---|---|---|---|---|---|---|
| Dewey Decimal Classification | Fiction | Biblioteca Pública José María del Castillo y Rada | Biblioteca Pública José María del Castillo y Rada | Fiction | 08/06/2021 | Donación | 2 | A-N MUTu | 201811118 | 06/05/2023 | 06/02/2023 | Ej.1 | 08/06/2021 | Books |